header

Idols of the marketplace (Record no. 211398)

MARC details
000 -LEADER
fixed length control field 01983nam a2200469Ia 4500
082 04 - DEWEY DECIMAL CLASSIFICATION NUMBER
Classification number 820.9/38291218
100 1# - MAIN ENTRY--AUTHOR NAME
Personal name Hawkes, David,
245 10 - TITLE STATEMENT
Title Idols of the marketplace
250 ## - EDITION STATEMENT
Edition statement 1st ed.
260 ## - PUBLICATION, DISTRIBUTION, ETC. (IMPRINT)
Place of publication New York :
Name of publisher Palgrave,
Year of publication 2001.
300 ## - PHYSICAL DESCRIPTION
Number of Pages viii, 294 p.
490 1# - SERIES STATEMENT
Series statement [Early modern cultural studies, 1500-1700]
500 ## - GENERAL NOTE
General note Series from jacket.
650 #0 - SUBJECT ADDED ENTRY--TOPICAL TERM
Topical Term English literature
Topical Term Idolatry in literature.
Topical Term Christianity and literature
Topical Term Christianity and literature
Topical Term Economics and literature
Topical Term Economics and literature
Topical Term Protestantism and literature
Topical Term Consumption (Economics) in literature.
Topical Term Materialism in literature.
Topical Term Fetishism in literature.
856 40 - ELECTRONIC LOCATION AND ACCESS
Uniform Resource Identifier http://site.ebrary.com/lib/rucke/Doc?id=10110256

No items available.

© 2026 Rongo University
Contact us: librarian | system librarian | Rongo university